US Cities by Letter - M - Statistics

General Stats
  • This quiz has been taken 151 times
  • The average score is 7 of 12
Answer Stats
Population State Answer % Correct
5,502,379 FL Miami
98%
2,650,890 MN Minneapolis
97%
1,376,476 WI Milwaukee
94%
1,060,061 TN Memphis
91%
401,661 WI Madison
83%
263,907 AL Montgomery
78%
326,183 AL Mobile
63%
358,172 CA Modesto
40%
728,825 TX McAllen
29%
215,304 SC Myrtle Beach
25%
583,681 CA Mission Viejo
3%
441,546 CA Murrieta
3%
No matching quizzes found
Score Distribution
Percent of People with Each Score
Percentile by Number Answered
Your Score History
You have not taken this quiz